000 01082nam a22003257a 4500
001 BR7314004
003 BR-BrBNA
005 20230928084250.0
007 ta
008 230509b bl.||||| |||| 00| 0 por d
040 _aBR-BrBNA
_bpor
_cBiblioteca Nacional de Agricultura
041 _a(Por)
072 _aF00; E15; E70
_b0120
_b/G514
090 _ 0120 BR7314004
110 1 _aMinisterio da Agricultura, Brasilia, DF (Brasil). Escritorio Central de Planejamento e Controle
_96800
245 1 _aMilho. Plano Integrado Vertical [pratica cultural, armazenamento, custo, abastecimento, mecanizacao, defesa vegetal, Brasil]
_bInforme preliminar ao 3. Congresso Nacional de Agropecuaria
260 3 _aBrasilia, DF (Brasil):
_c1969.
300 _a305 p.
650 _aMILHO
650 _aZONEAMENTO AGRICOLA
650 _aPRATICA CULTURAL
650 _aDEFESA VEGETAL
650 _aMECANIZACAO
650 _aABASTECIMENTO
650 _aCREDITO RURAL
650 _aARMAZENAMENTO
650 _aPOLITICA DE PRECO
909 _a202309
_bLucia
_c55
_dLucia Elande
942 _cBK
999 _c17797
_d17797